000 00509nam a2200193Ia 4500
003 GCL
008 140319s9999 xx 000 0 eng d
040 _aGCL /
_cGCL
082 0 4 _a005.7565
_bL F
100 1 _aLANGER, MARIA L
245 1 0 _aFILE MAKER PRO 2.0 FOR THE MAC IN A UNTSHELL /
_cLANGER, MARIA L
260 _a[S.N] :
_bSYBEX ،
_c1993
300 _a270 PP
650 0 4 _aشعر الحرب
650 0 4 _aPROGRAMMING
650 0 4 _aCOMPUTER SYSTEM
650 0 4 _aGRAPHIC ARTS
942 _2ddc
_cBK
999 _c15615
_d15615